Účtovanie podnikových kombinácií podľa novelizovaného IFRS 3 Podnikové kombinácie

Novelizovaný IFRS 3 Podnikové kombinácie s platnosťou od 1.7.2009. Akvizičná metóda účtovania podnikových kombinácií (acquisition method). Kroky akvizičnej metódy: identifikácia nadobúdateľa, určenie dňa akvizície, vykazovanie a oceňovanie nadobudnutých aktív, prevzatých záväzkov a každého nekontrol...

Ausführliche Beschreibung

Gespeichert in:
Bibliographische Detailangaben
1. Verfasser: Parišová, Renáta, 1977-
Format: Buchkapitel
Sprache:Slowakisch
Schlagworte:
Tags: Tag hinzufügen
Keine Tags, Fügen Sie das erste Tag hinzu!

MARC

LEADER 00000nla$a2200000$$$4500
001 0090813
005 20240502072020.6
041 0 |a slo 
044 |a SK 
245 1 0 |a Účtovanie podnikových kombinácií podľa novelizovaného IFRS 3 Podnikové kombinácie  |c Renáta Parišová 
520 |a Novelizovaný IFRS 3 Podnikové kombinácie s platnosťou od 1.7.2009. Akvizičná metóda účtovania podnikových kombinácií (acquisition method). Kroky akvizičnej metódy: identifikácia nadobúdateľa, určenie dňa akvizície, vykazovanie a oceňovanie nadobudnutých aktív, prevzatých záväzkov a každého nekontrolujúceho podniku v nadobúdanom podniku, vykazovanie a oceňovanie goodwillu alebo zisku z výhodnej kúpy. 
610 2 0 |a účtovníctvo 
610 2 0 |a účtovanie 
610 2 0 |a štandardy účtovné medzinárodné 
610 2 0 |a IFRS 
610 2 0 |a kombinácie podnikové 
610 2 0 |a novelizácia 
100 1 |a Parišová, Renáta, 1977-